Využitie Robot Operating System pre účely skladového hospodárstva

Saved in:
Bibliographic Details
Main Author: Kišš, Juraj (Author)
Other Authors: Kučera, Erik (Thesis advisor)
Format: Manuscript Book
Language:Slovak
Published: 2025
Subjects:
Online Access:http://is.stuba.sk/zp/portal_zp.pl?podrobnosti=185580
Tags: Add Tag
No Tags, Be the first to tag this record!

MARC

LEADER 00000ntm a22000003a 4500
001 stuzp102330
003 SK-STU
005 20250614211146.6
007 ta
008 150427s2015----xo-----f-mn---000-0-slo-d
040 |a STU  |b slo 
041 0 |a slo 
100 1 |a Kišš, Juraj  |u 030400  |4 aut  |U FEI Fakulta elektrotechniky a informatiky  |T FEI Ústav automobilovej mechatroniky  |X 104494  |U E400  |Y 642  |7 104494 
242 0 1 |a Use of Robot Operating System for warehouse management purposes  |y eng 
245 1 0 |a Využitie Robot Operating System pre účely skladového hospodárstva 
260 |c 2025 
650 4 |a Robot  |2 eng 
650 4 |a Vuforia  |2 eng 
650 4 |a Simulation  |2 eng 
650 4 |a Localization  |2 eng 
650 4 |a Automation  |2 eng 
650 4 |a ROS  |2 eng 
650 4 |a Unity  |2 eng 
650 4 |a Simulácia  |2 slo 
650 4 |a Lokalizácia  |2 slo 
650 4 |a Automatizácia  |2 slo 
650 4 |a Vuforia  |2 slo 
650 4 |a ROS  |2 slo 
650 4 |a Unity  |2 slo 
650 4 |a Robot  |2 slo 
700 1 |a Kučera, Erik  |u 030400  |k Z1  |4 ths  |U FEI Fakulta elektrotechniky a informatiky  |T FEI Ústav automobilovej mechatroniky  |X 55901  |U E400  |Y 642  |7 A000055901 
856 4 |u http://is.stuba.sk/zp/portal_zp.pl?podrobnosti=185580